00276nam a2200121Ia 45000030006000000080041000060400015000471000016000622450038000782600009001165460012001250050017001370STCL150530s9999 xx 000 0 und d aSTCLcSTCL aJohri, C.K. aUnionism in a development economy c1967 aEnglish20220125165524.0